000 00289nam a22001337a 4500
008 170714b xxu||||| |||| 00| 0 eng d
020 _a9780671867379
041 _aeng
080 _a101
100 _a23
101 _aFIL
245 _aTHE AMERICAN RELIGION
_cBLOM.H
942 _2udc
_cBK
999 _c20689
_d20689